000
00193 a2200097 4500
001
9210
100
_a
Potter, E B
245
_a
Sea power
260
_a
_b
Prentice Hall
_c
090
_c
7381
_d
7381
942
_a
NUST-CAE
_c
M
_c
34024
999
_c
244283
_d
244283